header

Five little penguins slipping on the ice / |. (Record no. 262750)

MARC details
000 -LEADER
fixed length control field 00606nam a22001937a 4500
003 - CONTROL NUMBER IDENTIFIER
control field OSt
005 - DATE AND TIME OF LATEST TRANSACTION
control field 20240206111005.0
008 - FIXED-LENGTH DATA ELEMENTS--GENERAL INFORMATION
fixed length control field 240206b xxu||||| |||| 00| 0 eng d
010 ## - LIBRARY OF CONGRESS CONTROL NUMBER
LC control number 2008045846
020 ## - INTERNATIONAL STANDARD BOOK NUMBER
International Standard Book Number 9780439775939 (pbk.)
International Standard Book Number 0439775930 (pbk.)
040 ## - CATALOGING SOURCE
Transcribing agency RU
050 ## - LIBRARY OF CONGRESS CALL NUMBER
Classification number PZ8.3.M5596
Item number Fhp 2009
100 ## - MAIN ENTRY--PERSONAL NAME
Personal name Metzger, Steve.
245 ## - TITLE STATEMENT
Title Five little penguins slipping on the ice / |.
Statement of responsibility, etc by Steve Metzger ; illustrated by Laura Bryant
250 ## - EDITION STATEMENT
Edition statement New York :
Remainder of edition statement Scholastic, |c 2009.
300 ## - PHYSICAL DESCRIPTION
Extent 1 v. (unpaged) :
Other physical details col. ill.;
Dimensions 26 cm
942 ## - ADDED ENTRY ELEMENTS (KOHA)
Source of classification or shelving scheme Library of Congress Classification
Koha item type Long Loan Books
Holdings
Withdrawn status Lost status Source of classification or shelving scheme Damaged status Not for loan Collection code Home library Current library Shelving location Date acquired Total Checkouts Full call number Barcode Date last seen Price effective from Koha item type
    Library of Congress Classification     Fiction Rongo University Library Rongo University Library Children's Area 06/02/2024   PZ8.3.M5596 Fhp 2009 CL20233108 06/02/2024 06/02/2024 Long Loan Books

© 2026 Rongo University
Contact us: librarian | system librarian | Rongo university